[Event "Vrsac op"]
[Site "Vrsac"]
[Date "2000.??.??"]
[Round "1.1"]
[White "Trifunovic, Bogdan"]
[Black "Ilincic, Zlatko"]
[Result "0-1"]
[WhiteElo "2225"]
[BlackElo "2563"]
[PlyCount "112"]
[EventDate "2000.07.??"]
[EventType "swiss"]
[EventRounds "9"]
[EventCountry "YUG"]
[SourceTitle "EXT 2001"]
[Source "ChessBase"]
[SourceDate "2000.11.22"]
[SourceVersion "1"]
[SourceVersionDate "2000.11.22"]
[SourceQuality "1"]

1. e4 c5 2. Nf3 d6 3. d4 cxd4 4. Nxd4 Nf6 5. Nc3 a6 6. a4 e6 7. Be3 Be7 8. Bd3 0-0 9. g4 Nc6 10. g5 Nd7 11. Qh5 Nxd4 12. Bxd4 g6 13. Qh6 Ne5 14. Bxe5 dxe5 15. Rg1 Re8 16. Nd1 Bf8 17. Qh3 Bd7 18. Ne3 Qe7 19. Qg3 Qb4+ 20. Ke2 Bxa4 21. Ng4 Bg7 22. Nf6+ Bxf6 23. gxf6 Bb5 24. Qg5 Qxe4+ 25. Kd2 Bxd3 26. cxd3 Rad8 27. Ra3 Rd4 28. Rg3 Qf4+ 29. Ke2 h6 30. Qxf4 exf4 31. Rg1 e5 32. Rc1 Rd6 33. Rc7 b5 34. Ra7 Ree6 35. Rc3 Rxf6 36. Rc8+ Kg7 37. Kf3 Rf5 38. Ke2 Rh5 39. Rcc7 Rf6 40. Re7 Rxh2 41. Rxe5 g5 42. b4 g4 43. Kf1 g3 44. fxg3 fxg3+ 45. Kg1 Rc6 46. Re1 Rcc2 47. d4 Rcg2+ 48. Kf1 Ra2 49. Kg1 Rhg2+ 50. Kh1 Rgc2 51. Rd7 h5 52. Rd5 h4 53. Rg5+ Kf6 54. Rg4 Rh2+ 55. Kg1 Rag2+ 56. Kf1 h3 0-1